000 00325nam a2200121Ia 4500
008 160609s9999 xx 000 0 und d
100 _aHarper, Graeme.
245 _aCreative Writing And Education
245 _cBy:Graeme Harper
260 _c2015
650 _xWRITING
856 _uhttp://file.ebook777.com/CreWriAndEdu.pdf
999 _c295851
_d295851